书目信息 |
| 题名: |
刑法中主客观相统一原则研究
|
|
| 作者: | 聂立泽 著 | |
| 分册: | ||
| 出版信息: | 北京 法律出版社 2004.01 |
|
| 页数: | 273页 | |
| 开本: | 21cm | |
| 丛书名: | 刑事法律科学文库 | |
| 单 册: | ||
| 中图分类: | D924.04 | |
| 科图分类: | ||
| 主题词: | 刑法--研究--中国 | |
| 电子资源: | ||
| ISBN: | 7-5036-4698-5 | |
| 000 | 01056nam2 2200265 450 | |
| 001 | 0153447671 | |
| 005 | 20050905163837.12 | |
| 010 | @a7-5036-4698-5@dCNY18.00 | |
| 100 | @a20050330d2004 km y0chiy0120 ea | |
| 101 | 0 | @achi |
| 102 | @aCN@b110000 | |
| 105 | @ay a 000yy | |
| 200 | 1 | @a刑法中主客观相统一原则研究@Axing fa zhong zhu ke guan xiang tong yi yuan ze yan jiu@d= Study on the principle of integrating the subject & the object in Chinese criminal law@f聂立泽著@Fnie li ze zhu@zeng |
| 210 | @a北京@c法律出版社@d2004.01 | |
| 215 | @a273页@d21cm | |
| 225 | 2 | @a刑事法律科学文库@v27 |
| 320 | @a有书目 (第251-266页)。 | |
| 330 | @a本书全面研究了主客观相统一原则的渊源,在我国刑法中应有的地位,并研究主客观相统一原则与刑罚裁量制度等内容。 | |
| 410 | 0 | @12001 @a刑事法律科学文库 |
| 510 | 1 | @aStudy on the principle of integrating the subject & the object in Chinese criminal law@zeng |
| 606 | 0 | @a刑法@x研究@y中国 |
| 690 | @aD924.04@v4 | |
| 701 | 0 | @a聂立泽@Anie li ze@4著 |
| 801 | 0 | @aCN@bQSSK@c20050905 |
| 905 | @a10447@dD924.04@eN569 | |
| 刑法中主客观相统一原则研究= Study on the principle of integrating the subject & the object in Chinese criminal law/聂立泽著.-北京:法律出版社,2004.01 |
| 273页;21cm.-(刑事法律科学文库;27) |
| ISBN 7-5036-4698-5:CNY18.00 |
| 本书全面研究了主客观相统一原则的渊源,在我国刑法中应有的地位,并研究主客观相统一原则与刑罚裁量制度等内容。 |
| ● |
| 相关链接 |
|
|
|
正题名:刑法中主客观相统一原则研究
索取号:D924.04/N569
 
预约/预借
| 序号 | 登录号 | 条形码 | 馆藏地/架位号 | 状态 | 备注 |
| 1 | 528507 | 205285074 | 社科库509/509社科库 97排1列5层/ [索取号:D924.04/N569] | 在馆 | |
| 2 | 528508 | 205285083 | 社科库509/400B社科库 19排2列3层/ [索取号:D924.04/N569] | 在馆 | |
| 3 | 528509 | 205285092 | 社科库509/509社科库 97排1列5层/ [索取号:D924.04/N569] | 在馆 |